000 01147cam a22002054a 4500
005 20250605164149.0
008 250528s ||||||||||||||||||||||||d
035 _a19318
020 _a874845211
040 _aGR-AtMCL
_bgre
_dGR-AtMCL
_eAACR2
245 1 _aMethods in Behavioral Research / Second Edition
250 _a2nd
260 _bMayfield Publishing Company,
_c1981
300 _a306
520 _aOne of the most important tools we can use to study behavior. Methodology, Why Study Behavior Scientifically, Where to Start, Experimental and Correlational Methods, Measurement of Behavior, Understanding Research Results, Correlation Coefficients, Research Design and Implementation, Experimental Design: Purposes and Pitfalls, Conducting an Experiment, Choosing and Assigning Subjects, Complex Designs, Quasi-Experimental Designs and Program Evaluation, Issues in Behavioral Research, Generalizing Results, Ethical Concerns, Writing Research Reports, Statistical Tests, Computer and Research, Statistical Tables, Glossary, References, Index.
700 1 _aCozby Paul C
_95554
942 _cBK
999 _c4578
_d4578